<?xml version='1.0' encoding='UTF-8'?>
  <record xmlns="http://www.loc.gov/MARC21/slim">
    <leader>00000cam a22000007i 4500</leader>
    <controlfield tag="001">ocm63476082</controlfield>
    <controlfield tag="003">OCoLC</controlfield>
    <controlfield tag="005">20260128000830.4</controlfield>
    <controlfield tag="008">830421m18929999ne            000 0 dut d</controlfield>
    <datafield tag="040" ind1=" " ind2=" ">
      <subfield code="a">NLGGC</subfield>
      <subfield code="b">dut</subfield>
      <subfield code="e">fobidrtb</subfield>
      <subfield code="c">NLGGC</subfield>
      <subfield code="d">OCLCO</subfield>
      <subfield code="d">OCLCQ</subfield>
      <subfield code="d">OCLCL</subfield>
      <subfield code="d">OCLCQ</subfield>
    </datafield>
    <datafield tag="029" ind1="0" ind2=" ">
      <subfield code="a">NLGGC</subfield>
      <subfield code="b">831123192</subfield>
    </datafield>
    <datafield tag="035" ind1=" " ind2=" ">
      <subfield code="a">(OCoLC)63476082</subfield>
    </datafield>
    <datafield tag="082" ind1="0" ind2="4">
      <subfield code="a">839.31156</subfield>
      <subfield code="q">OCoLC</subfield>
      <subfield code="2">14/eng/20230216</subfield>
    </datafield>
    <datafield tag="100" ind1="1" ind2=" ">
      <subfield code="a">Staring, A.C.W.</subfield>
      <subfield code="q">(Antonie Christiaan Wynand),</subfield>
      <subfield code="d">1767-1840.</subfield>
      <subfield code="1">https://id.oclc.org/worldcat/entity/E39PBJx8GFm8HPWGR9vXGVfcyd</subfield>
    </datafield>
    <datafield tag="245" ind1="1" ind2="0">
      <subfield code="a">Poëzie van A.C.W. Staring /</subfield>
      <subfield code="c">uitg. door J.H. van den Bosch.</subfield>
    </datafield>
    <datafield tag="246" ind1="3" ind2=" ">
      <subfield code="a">Poëzie</subfield>
    </datafield>
    <datafield tag="260" ind1=" " ind2=" ">
      <subfield code="a">Zwolle :</subfield>
      <subfield code="b">Tjeenk Willink,</subfield>
      <subfield code="c">1892-</subfield>
    </datafield>
    <datafield tag="300" ind1=" " ind2=" ">
      <subfield code="a">2 dl. ;</subfield>
      <subfield code="c">16 cm.</subfield>
    </datafield>
    <datafield tag="336" ind1=" " ind2=" ">
      <subfield code="a">tekst</subfield>
      <subfield code="b">txt</subfield>
      <subfield code="2">rdacontent/dut</subfield>
    </datafield>
    <datafield tag="337" ind1=" " ind2=" ">
      <subfield code="a">zonder medium</subfield>
      <subfield code="b">n</subfield>
      <subfield code="2">rdamedia/dut</subfield>
    </datafield>
    <datafield tag="338" ind1=" " ind2=" ">
      <subfield code="a">band</subfield>
      <subfield code="b">nc</subfield>
      <subfield code="2">rdacarrier/dut</subfield>
    </datafield>
    <datafield tag="530" ind1=" " ind2=" ">
      <subfield code="a">Boek wordt verfilmd Metamorfoze UBU.</subfield>
    </datafield>
    <datafield tag="700" ind1="1" ind2=" ">
      <subfield code="a">Bosch, J.H. van den</subfield>
      <subfield code="q">(Jan Hendrik),</subfield>
      <subfield code="d">1862-1941.</subfield>
      <subfield code="1">https://id.oclc.org/worldcat/entity/E39PCjv6vfGvxYpqtH8jJXC38K</subfield>
    </datafield>
    <datafield tag="758" ind1=" " ind2=" ">
      <subfield code="a">Poezie van A.C.W. Starring (Text)</subfield>
      <subfield code="1">https://id.oclc.org/worldcat/entity/E39PD38x3PYM4RymDJmv7rTM4C</subfield>
      <subfield code="4">https://id.oclc.org/worldcat/ontology/hasWork</subfield>
    </datafield>
    <datafield tag="776" ind1="0" ind2=" ">
      <subfield code="t">Poëzie van A. C. W. Staring</subfield>
      <subfield code="w">(NL-LeOCL)424005700</subfield>
    </datafield>
    <datafield tag="936" ind1=" " ind2=" ">
      <subfield code="a">BATCHLOAD</subfield>
    </datafield>
  </record>